02000nam a2200253 a 450000100060000000300080000600500170001400800390003102000180007002000160008803500190010404000260012304100080014908200230015710000270018024500700020725000110027726000380028830000800032650000200040650512850042665000170171170000180172835232BD-RjUL20211209052301.0990209s1999 maua 001 0 eng a9780071316736 a0071316736  a(BD-RjUL)35326 aBD-RjULcBD-RjULbEng aeng00a5792223bTAM 2012 aTalaro, Kathleen Park 00aFoundations in Microbiology /cKathleen Park Talaro, Barry Chess. a8th ed aNew York. :bMcGraw Hill,cc2012. a xxxi, 828, [66] p. : 29 cm.bill. (some col.), maps (some col.) ;c29 cm. aIncludes index. aThe Main Themes of Microbiology -- The Chemistry of Biology -- Tools of the Laboratory: Methods of Studying Microorganisms -- A survey of Prokaryotic cells and Microorganisms -- A survey of Eucaryotic Cells and Microorganisms -- An Introduction to Viruses -- Microbial Nutrition, Ecology, and Growth -- An Introduction to Microbial Metabolism : the chemical crossroads of life -- Microbial Genetics -- Genetic Engineering: a revolution in molecular biology -- Physical and Chemical Agents for Microbial Control -- Drugs, Microbes, Host -- The Elements of Chemotherapy -- Microbe -- Human Interactions: infection and disease -- An Introduction to Host Defenses and innate immunities -- Adaptive, Specific Immunity and Immunizations -- Disorders in Immunity -- Procedures for identifying Pathogens and Diagnosing Infections -- The Gram-Positive and Gram-Negative Cocci of Medical Importance -- The Gram-Positive Bacilli of Medical Importance -- The Gram-Negative Bacilli of Medical Importance -- Miscellaneous Bacterial Agents of Disease -- The Fungi of Medical Importance -- The Parasites of Medical Importance -- Introduction to Viruses That Infect Humans: The DNA Viruses -- The RNA Viruses That Infect Humans -- Environmental Microbiology -- Applied and Industrial Microbiology. 0aMicrobiology aChess, Barry